Statistics for All Doctor Who Companions

Click here to take the quiz!

General Stats

  • This quiz has been taken 1,332 times
    (1,322 since last reset)
  • The average score is 25 of 39

Answer Stats

DoctorAnswer% Correct
9 & 10Rose Tyler
98%
11Amy Pond
96%
10Donna Noble
95%
11Rory Williams
95%
11 & 12Clara Oswald
94%
10Martha Jones
94%
9 & 10Captain Jack Harkness
91%
3 & 4Sarah Jane Smith
90%
10Mickey Smith
80%
10 & 11River Song
79%
1Susan Foreman
77%
7Dorothy "Ace" Gale
76%
1Ian Chesterton
68%
3Jo Grant
68%
1Barbara Wright
66%
9Adam Mitchell
63%
4 & 5Adric
63%
2Jamie McCrimmon
62%
4K-9
62%
4Romanadvoratrelundar
62%
4 & 5Tegan Jovanka
62%
5 & 6Perpugilliam "Peri" Brown
60%
1 & 2Polly
55%
2, 3 & 4Brigadier Alastair Gordon Lethbridge-Stewart
54%
4 & 5Nyssa of Traken
54%
6 & 7Melanie Bush
53%
4Leela
52%
1 & 2Ben Jackson
51%
8Dr Grace Holloway
51%
4Harry Sullivan
49%
3Liz Shaw
49%
2Victoria Waterfield
49%
2Zoe Heriot
48%
1Vicki
47%
1Dodo Chaplet
46%
1Steven Taylor
46%
5Vislor Turlough
42%
5Kamelion
38%
1Katarina
36%

Score Distribution

Percentile by Number Answered

Percent of People with Each Score

Your Score History

You have not taken this quiz since the last reset